Les chefs du Parti libéral du Québec - Statistiques

Statistiques générales
  • Ce quiz a été pris 12 fois
  • Le résultat moyen est 12 sur 17
Statistiques - réponses
Hint Réponse % Correct
2020-2022 Dominique Anglade
100%
2013-2018 Philippe Couillard
100%
1994-1998 Daniel Johnson (fils)
86%
1998-2012 Jean Charest
86%
1958-1970 Jean Lesage
86%
2025 Pablo Rodriguez
86%
1970-1976 Robert Bourassa
86%
1983-1994 Robert Bourassa
86%
1936-1949 Adélard Godbout
71%
1978-1982 Claude Ryan
57%
1905-1920 Lomer Gouin
57%
1920-1936 Louis-Alexandre Taschereau
57%
1882-1900 Félix-Gabriel Marchand
43%
1950-1958 Georges-Émile Lapalme
43%
1883-1892 Honoré Mercier
43%
1900-1905 Simon-Napoléon Parent
43%
1867-1883 Henri-Gustave Joly de Lotbinière
29%
Aucun quiz correspondant
Distribution des résultats
% des personnes avec chaque résultat
Percentile par nombre de réponses
Votre historique - résultats
Vous n’avez pas pris ce quiz